| 000 | 00966nam a2200253 a 4500 | ||
|---|---|---|---|
| 001 | 80793 | ||
| 003 | BD-RjUL | ||
| 005 | 20230606122245.0 | ||
| 008 | 221117s1999 bg a|||| m||| 00| 0 eng d | ||
| 035 | _a(BD-RjUL)80793 | ||
| 040 |
_aBD-RjUL _beng _cBD-RjUL _dBD-RjUL |
||
| 041 | _aeng | ||
| 082 |
_223 _a551.6 _bKES 1999 |
||
| 100 |
_aKeka, Ishrat Ara _95886 |
||
| 245 | 1 | 0 |
_aSTUDY OF SOME ENVIRONMENTAL PARAMETERS AT RAJSHAHI CITY / _cSubmitted by Ishrat Ara Keka ; _6Supervision : M. Mozammel Haque & Md. Rokon Uddin |
| 260 |
_aRajshahi : _bDepartment of Physics, University of Rajshahi _c1999 |
||
| 300 |
_a[2], iv, [2], 137 leaves : _bill.; _c29 cm. |
||
| 502 | _aThesis(M.Phil.)-- Department of Physics, University of Rajshahi,1999 | ||
| 504 | _aReferences : Leaves 133-137 | ||
| 650 |
_aClimatology and Weather _xEnvironment _95887 |
||
| 700 |
_aHaque, M. Mozammel, Supervision _93255 |
||
| 700 |
_aUddin, Md. Rokon, Supervision _93256 |
||
| 942 |
_2ddc _cTHE |
||
| 999 |
_c80793 _d80793 |
||